Every DFB Cup Winner - Statistics

General Stats
  • This quiz has been taken 15 times
  • The average score is 66 of 83
Answer Stats
Year Team % Correct
1963 Hamburger SV
100%
1976 Hamburger SV
100%
1977 Hamburger SV
100%
1987 Hamburger SV
100%
1992 Hannover 96
100%
1968 1. FC Köln
93%
1978 1. FC Köln
93%
1979 1. FC Köln
93%
1983 1. FC Köln
93%
1957 FC Bayern München
93%
1966 FC Bayern München
93%
1967 FC Bayern München
93%
1969 FC Bayern München
93%
1971 FC Bayern München
93%
1983 FC Bayern München
93%
1984 FC Bayern München
93%
1986 FC Bayern München
93%
1998 FC Bayern München
93%
2000 FC Bayern München
93%
2003 FC Bayern München
93%
2005 FC Bayern München
93%
2006 FC Bayern München
93%
2008 FC Bayern München
93%
2010 FC Bayern München
93%
2013 FC Bayern München
93%
2014 FC Bayern München
93%
2016 FC Bayern München
93%
2019 FC Bayern München
93%
2020 FC Bayern München
93%
1954 VfB Stuttgart
93%
1958 VfB Stuttgart
93%
1997 VfB Stuttgart
93%
2025 VfB Stuttgart
93%
1965 Borussia Dortmund
87%
1989 Borussia Dortmund
87%
2012 Borussia Dortmund
87%
2017 Borussia Dortmund
87%
2021 Borussia Dortmund
87%
1993 Bayer 04 Leverkusen
80%
2024 Bayer 04 Leverkusen
80%
1974 Eintracht Frankfurt
80%
1975 Eintracht Frankfurt
80%
1982 Eintracht Frankfurt
80%
1988 Eintracht Frankfurt
80%
2018 Eintracht Frankfurt
80%
1937 FC Schalke 04
80%
1972 FC Schalke 04
80%
2001 FC Schalke 04
80%
2002 FC Schalke 04
80%
2011 FC Schalke 04
80%
2015 VfL Wolfsburg
80%
1961 Werder Bremen
80%
1991 Werder Bremen
80%
1994 Werder Bremen
80%
1999 Werder Bremen
80%
2004 Werder Bremen
80%
2009 Werder Bremen
80%
1990 1. FC Kaiserslautern
73%
1996 1. FC Kaiserslautern
73%
1935 1. FC Nürnberg
73%
1939 1. FC Nürnberg
73%
1962 1. FC Nürnberg
73%
2007 1. FC Nürnberg
73%
1960 Borussia Mönchengladbach
73%
1973 Borussia Mönchengladbach
73%
1995 Borussia Mönchengladbach
73%
1936 VfB Leipzig
73%
1980 Fortuna Düsseldorf
67%
1981 Fortuna Düsseldorf
67%
2022 RB Leipzig
67%
2023 RB Leipzig
67%
1940 Dresdner SC
60%
1941 Dresdner SC
60%
1953 Rot-Weiss Essen
53%
1959 Schwarz-Weiss Essen
53%
1955 Karlsruher SC
47%
1956 Karlsruher SC
47%
1942 TSV 1860 München
47%
1964 TSV 1860 München
47%
1970 Kickers Offenbach
40%
1938 SK Rapid Wien
40%
1985 Bayer 05 Uerdingen
20%
1943 First Vienna FC
20%
No matching quizzes found
Score Distribution
Percent of People with Each Score
Percentile by Number Answered
Your Score History
You have not taken this quiz